| 000 | 00549nam a22001817a 4500 | ||
|---|---|---|---|
| 999 |
_c11187 _d11187 |
||
| 003 | AR-CdUCM | ||
| 008 | 190403b ||||| |||| 00| 0 spa d | ||
| 040 |
_aMUNICIPALIDAD PROVINCIAL DEL CUSCO _cBIBLIOTECA MUNICIPAL DEL CUSCO |
||
| 082 |
_a348.7 / _bF38 / 1959 |
||
| 100 |
_aFerdinand Cuadros, Carlos _922810 |
||
| 245 | _aLa crisis del procedimiento / | ||
| 260 |
_aLima : _bTipografĂa peruana, _c1959. |
||
| 300 |
_a12 páginas ; _c25 cm. |
||
| 650 |
_aDerecho. _9739 |
||
| 650 |
_aPoder judicial. _96955 |
||
| 942 |
_2ddc _cLIBROS |
||
| 945 | _awfj | ||